00325nam a2200097Ia 450000500170000000800410001708200140005810000180007224501230009030000140021320210429153913.0210429s9999 xx 000 0 und d a660 A465I aAltaf, Jaffar aInfluence of Various Phyio-Chemical Parameters on the Adsorption of Copper Ions Using Activated Charcoal (MS-CHE-2014) a55p.29cm.